Countries and U.S. States by Tallest Building - Statistics

General Stats
  • This quiz has been taken 47 times
  • The average score is 20 of 28
Answer Stats
Height Country or U.S. State % Correct
1,776 New York
100%
1,100 California
95%
2,717 United Arab Emirates
93%
2,073 China
90%
1,972 Saudi Arabia
86%
1,451 Illinois
83%
1,050 India
81%
1,067 Japan
81%
1,002 Texas
81%
2,227 Malaysia
79%
1,002 Mexico
79%
1,516 Russia
79%
1,667 Taiwan
79%
1,016 United Kingdom
79%
1,256 Indonesia
76%
1,819 South Korea
74%
1,058 Australia
71%
1,043 Thailand
71%
1,513 Vietnam
67%
1,354 Kuwait
64%
1,033 Qatar
64%
1,292 Egypt
62%
1,023 Georgia
62%
1,121 Pennsylvania
60%
1,043 Philippines
55%
1,083 North Korea
50%
1,020 Poland
36%
1,020 Kazakhstan
19%
No matching quizzes found
Score Distribution
Percent of People with Each Score
Percentile by Number Answered
Your Score History
You have not taken this quiz